000 00579nam a2200193 4500
005 20250624113507.0
010 _aENG-145389
020 _a9789361637520
_c250.00
035 _aEN-128921
037 _bDBAD
082 _a576
_21
100 _aManju G.
_982268
245 _aAcademics Writing and Publishing:
_bTools and Techniques/
_cManju G.
250 _a1
260 _aMadurai
_bShanlax Publications
_c2024
270 _a61,66 Vasantha Nagar
_bMadurai
_e625003
_mshanlaxpublications@gmail.com
300 _a204p.
_c22cm(Pb)
942 _2ddc
_cEN
_h576
_mMAN
999 _c211912
_d211912